000
00294nam a2200121Ia 4500
005
20251222144718.0
008
251222s9999||||xx |||||||||||||| ||spa||
082
_a
241.66/L88
100
_a
López Navarro, José
245
0
_a
Matrimonio, Natalidad, Píldora
264
_b
Palabra
942
_c
LIB
999
_c
18113
_d
18113